The method of coordinates
Wedi'i Gadw mewn:
| Prif Awduron: | , , |
|---|---|
| Fformat: | Llyfr |
| Iaith: | Saesneg |
| Cyhoeddwyd: |
Charlottesville
Birkhauser
1990
|
| Cyfres: | Library of School Mathematics, 1
|
| Pynciau: | |
| Tagiau: |
Ychwanegu Tag
Dim Tagiau, Byddwch y cyntaf i dagio'r cofnod hwn!
|
MARC
| LEADER | 00000nam a2200000 a 4500 | ||
|---|---|---|---|
| 001 | UCT8483 | ||
| 003 | CL-VaPUC | ||
| 008 | 970326e19900000us |||||||||||||||||eng|d | ||
| 082 | 0 | 4 | |a 516.16 |b GEL |2 21 |
| 100 | |a Gelfand, I. M |e author |9 536005 | ||
| 700 | 0 | |a Glagoleva, E. G |e author |9 380223 | |
| 700 | 0 | |a Kirillov, A. A |e author |9 380224 | |
| 245 | 1 | 4 | |a The method of coordinates |
| 300 | |a 73 p | ||
| 942 | |c BK | ||
| 945 | |d 19970326 00:00:00 |a rleighto | ||
| 260 | |a Charlottesville |b Birkhauser |c 1990 | ||
| 650 | 0 | |a Geometría |9 264063 | |
| 650 | 7 | |a COORDENADAS |2 CL-VaPUC |9 380225 | |
| 583 | |a last modification |c 20171005 11:45:42 |k Rodrigo Vera | ||
| 490 | 0 | |a Library of School Mathematics, 1 | |
| 999 | |c 256979 |d 256977 | ||
| 952 | |0 0 |1 0 |4 0 |6 516_160000000000000_GEL_1990 |7 0 |8 A |9 280166 |a BIBMAT |b BIBMAT |d 2019-11-19 |i 3286584 |o 516.16 GEL 1990 |p 3286584 |r 2025-01-07 |w 2019-11-19 |y BK |k MAT | ||